|
|
|
|
| LEADER |
03174njm a2200673 i 4500 |
| 001 |
001759940 |
| 003 |
CZ BrMZK |
| 005 |
20210128085724.0 |
| 007 |
sd bumennmpuud |
| 008 |
200722t20192019xr dfnng efh n zxx |
| 024 |
3 |
|
|a 8594155999590
|
| 028 |
0 |
1 |
|a ANI 084-1
|b Animal Music
|
| 040 |
|
|
|a BOA001
|b cze
|e rda
|
| 041 |
0 |
|
|g cze
|g eng
|
| 043 |
|
|
|a s-ag---
|
| 045 |
|
|
|a x-x-
|
| 048 |
|
|
|a od01
|
| 072 |
|
7 |
|x Hudba pro jednotlivé nástroje
|a 786/789
|2 Konspekt
|9 9
|
| 080 |
|
|
|a 78.085.011.26
|2 MRF
|
| 080 |
|
|
|a 78.085.321.088
|2 MRF
|
| 080 |
|
|
|a (086.76)
|2 MRF
|
| 100 |
1 |
|
|a Piazzolla, Astor,
|d 1921-1992
|7 jn19990006540
|4 cmp
|
| 245 |
1 |
0 |
|a Piazzolla /
|c Radek Baborák Orquestrina
|
| 264 |
|
1 |
|a [Praha] :
|b Animal Music,
|c [2019]
|
| 264 |
|
4 |
|c ℗2019
|
| 300 |
|
|
|a 1 gramofonová deska ;
|c 30 cm
|
| 336 |
|
|
|a hraná hudba
|b prm
|2 rdacontent
|
| 337 |
|
|
|a audio
|b s
|2 rdamedia
|
| 338 |
|
|
|a audiodisk
|b sd
|2 rdacarrier
|
| 340 |
|
|
|a vinyl
|2 rda
|
| 344 |
|
|
|a analog
|c 33 1/3 ot/min
|2 rda
|
| 500 |
|
|
|a Název z etikety
|
| 500 |
|
|
|a Aranžmá skladeb Tomáš Ille a Radek Baborák
|
| 500 |
|
|
|a Fonogram Petr Ostrouchov (Animal Music)
|
| 500 |
|
|
|a Informace o skladateli, interpretovech a hudbě česky a anglicky v obalu
|
| 505 |
0 |
|
|a Fracanapa (3:29) -- Escualo (7:04) -- Michelangelo 70 (3:22) -- Fuga y misterio (4:29) -- Tango etude no 3 (3:30) -- Butcher's death (3:04) -- Milonga del ángel (6:45) -- Tango del diablo (4:30) -- Resurrección del ángel (7:05)
|
| 511 |
1 |
|
|a Radek Baborák Orquestrina
|
| 518 |
|
|
|o Nahráno
|d 9.-10.8.2019
|p Sono studio, Nouzov
|
| 530 |
|
|
|a Vydáno též na CD audio
|
| 648 |
|
7 |
|a 20. století
|7 ch460558
|
| 650 |
0 |
7 |
|a taneční hudba
|7 ph126436
|z Argentina
|y 20. století
|2 czenas
|
| 650 |
0 |
7 |
|a tanga, úpravy
|7 ph315284
|2 czenas
|
| 655 |
|
7 |
|a kompaktní disky
|7 fd201991
|2 czenas
|
| 700 |
1 |
|
|a Ille, Tomáš,
|d 1971-
|7 mzk2016931715
|4 arr
|
| 700 |
1 |
|
|a Baborák, Radek,
|d 1976-
|7 jn19990209011
|4 arr
|4 itr
|
| 700 |
1 |
2 |
|i Obsahuje (vyjádření):
|a Piazzolla, Astor,
|d 1921-1992.
|t Fracanapa;
|o aranžmá
|
| 700 |
1 |
2 |
|i Obsahuje (vyjádření):
|a Piazzolla, Astor,
|d 1921-1992.
|t Escualo;
|o aranžmá
|
| 700 |
1 |
2 |
|i Obsahuje (vyjádření):
|a Piazzolla, Astor,
|d 1921-1992.
|t Michelangelo 70;
|o aranžmá
|
| 700 |
1 |
2 |
|i Obsahuje (vyjádření):
|a Piazzolla, Astor,
|d 1921-1992.
|t María de Buenos Aires.
|p Fuga y misterio;
|o aranžmá
|
| 700 |
1 |
2 |
|i Obsahuje (vyjádření):
|a Piazzolla, Astor,
|d 1921-1992.
|t Études tanguistiques.
|p Č. 3;
|o aranžmá
|
| 700 |
1 |
2 |
|i Obsahuje (vyjádření):
|a Piazzolla, Astor,
|d 1921-1992.
|t Rough dancer and the cyclical night.
|p Butcher's death;
|o aranžmá
|
| 700 |
1 |
2 |
|i Obsahuje (vyjádření):
|a Piazzolla, Astor,
|d 1921-1992.
|t Milonga del ángel;
|o aranžmá
|
| 700 |
1 |
2 |
|i Obsahuje (vyjádření):
|a Piazzolla, Astor,
|d 1921-1992.
|t Tango del diablo;
|o aranžmá
|
| 700 |
1 |
2 |
|i Obsahuje (vyjádření):
|a Piazzolla, Astor,
|d 1921-1992.
|t Resurrección del ángel;
|o aranžmá
|
| 710 |
2 |
|
|a Radek Baborák Orquestrina
|4 itr
|
| 910 |
|
|
|a BOA001
|b LP-1451.025
|
| 990 |
|
|
|a AV
|
| 991 |
|
|
|b 202008
|
| 996 |
6 |
|
|b 2610830999
|c LP-1451.025
|l MZK
|r Sklad / do 24 hodin
|n 1
|p p.v.
|w 001815512
|u 000010
|a 1
|e BOA001
|j MZK50
|s P
|